000 02885nam a22002777a 4500
003 GR-AtMCL
005 20260112122650.0
006 a|||||r|||||||||||
008 s2023 gr |||||||||||||||||gre|d
020 _a9786180153576
040 _aGR-AtMCL
_bgre
_dGR-AtMCL
041 1 _heng
100 _aHislop, Victoria
_910243
240 1 0 _aFigurine.
_lΕλληνικά
245 1 3 _aΤο ειδώλιο /
_cVictoria Hislop ; μετάφραση Φωτεινή Πίπη
250 _a1η έκδ.
264 1 _aΜεταμόρφωση :
_bΨυχογιός,
_c2023
300 _a573 σελ. ;
_c21 εκ.
500 _aΤο κείμενο είναι μεταφρασμένο από τα αγγλικά
520 _aΌταν η Χέλενα κληρονομεί το διαμέρισμα των παππούδων της στην Αθήνα, κυριεύεται από τις αναμνήσεις των καλοκαιριών που είχε περάσει μαζί τους στα παιδικά της χρόνια κατά, την περίοδο της χούντας. Ο σκληρός και απόμακρος παππούς της ήταν στρατηγός στο δικτατορικό καθεστώς και, καθώς η Χέλενα ξεσκαρτάρει τα σκονισμένα δωμάτια, ανακαλύπτει πλήθος πολύτιμων αντικειμένων και αρχαιοτήτων. Πώς κατάφερε ο παππούς της να συγκεντρώσει έναν τέτοιο θησαυρό; Και ποιο ήταν το ανθρώπινο τίμημα; Η αποφασιστικότητα της Χέλενα να βρει τις απαντήσεις μετατρέπεται σε ενθουσιασμό όταν ο έρωτάς της για τον αινιγματικό Νικ την οδηγεί να εργαστεί εθελοντικά μαζί του σε μια ανασκαφή σε ένα αιγαιοπελαγίτικο νησί. Τα ευρήματά τους θα γιγαντώσουν τη λαχτάρα της να προστατέψει τα αρχαία κειμήλια και να καταλάβει από πού προήλθε η συλλογή του παππού της. Άθελά της βρίσκεται μπλεγμένη σ’ ένα επικίνδυνο δίκτυο αρχαιοκαπηλίας και αντιμέτωπη με μια προδοσία που θα κλονίσει τον κόσμο της και όλα όσα πίστευε και ένιωθε. Θα μπορέσει να βρει το κουράγιο να συγχωρήσει και να προχωρήσει στη ζωή της;
650 0 _aΑγγλική λογοτεχνία
_910244
653 _aΛογοτεχνία
700 _aΠίπη, Φωτεινή
_910245
_4730
942 _cBK
999 _c10035
_d10035